| 000 | 00401nam a2200169Ia 4500 | ||
|---|---|---|---|
| 005 | 20250423101412.0 | ||
| 008 | 250422s9999 xx 000 0 und d | ||
| 020 | _a0- 12- 043850- X | ||
| 050 | _aGN346.A42 | ||
| 100 | _aMichael H. Agar | ||
| 245 | 4 | _aThe professional stranger | |
| 260 | _bAcademic press | ||
| 260 | _c1980 | ||
| 300 | _a227 p | ||
| 650 | _aEthnology- field work | ||
| 942 | _cBK | ||
| 999 |
_c36202 _d36202 |
||